Flaggen Afrikas mit Blau (ohne Bilder) - Statistiken

Allgemein
  • Dieses Quiz wurde 143 mal gespielt
  • Das Durchschnittsergebnis liegt bei 17 aus 24
Antwortstatistiken
Land % Korrekt
Somalia
86%
Südafrika
83%
D. R. Kongo
80%
Botswana
78%
Zentralafrikanische Republik
74%
Ruanda
73%
Seychellen
71%
Gambia
69%
Mauritius
69%
Namibia
69%
Tschad
69%
Eswatini
68%
Gabun
68%
Lesotho
68%
Tansania
67%
Dschibuti
66%
Eritrea
66%
Kap Verde
66%
Sierra Leone
66%
Äquatorialguinea
64%
Südsudan
64%
Komoren
61%
Liberia
59%
Äthiopien
58%
Keine übereinstimmenden Quizze gefunden
Verteilung der Resultate
Anzahl Personen mit jedem Resultat
Perzentil nach korrekt beantworteten Fragen
Ihre Resultats-Entwicklung
Sie haben dieses Quiz noch nicht gespielt